Fundamental Accounting Principles Freewheel Corporation. Narrative of Transaction, Ledgers, and Statements

Salvato in:
Dettagli Bibliografici
Autore principale: Larson, Kermit D.
Altri autori: Pyle, Wiliam W.
Natura: Libro
Lingua:inglese
Pubblicazione: Homewood IRWIN 1988
Edizione:12. ed.
Tags: Aggiungi Tag
Nessun Tag, puoi essere il primo ad aggiungerne!!

MARC

LEADER 00000nam a2200000 4500
001 c025103
005 20221219115859.3
041 0 |a eng 
044 |a US 
245 1 0 |a Fundamental Accounting Principles  |b Freewheel Corporation. Narrative of Transaction, Ledgers, and Statements  |c Kermit D. Larson, Wiliam W. Pyle 
250 |a 12. ed. 
264 1 |a Homewood  |b IRWIN  |c 1988 
300 |a 68 s. 
100 1 |a Larson, Kermit D. 
700 1 |a Pyle, Wiliam W.